000
00256nam a22001217a 4500
082
_a
920
_b
SUN/R
100
_a
SUNDAR,R.S
245
_a
SIR C.V RAMAN
260
_a
BANGALORE
_b
VASAN BOOK DEPOT
300
_a
48
650
_a
BIOGRAPHY
_z
BANGALORE
942
_c
BK
999
_c
6182
_d
6182